Score 0/40 Timer 10:00
6 Plays Today
Row Celebrity % Correct
Row 2 AcrossOprah Winfrey
93.6%
Row 1 AcrossWhoopi Goldberg
91.4%
Row 1 AcrossBill Cosby
90.8%
Row 4 AcrossMichelle Obama
86.5%
Row 3 AcrossKaty Perry
86.5%
Row 4 AcrossEllen DeGeneres
81.2%
Row 1 AcrossCher
78.2%
Row 4 AcrossTina Fey
76.4%
Row 1 AcrossFred Rogers
75.9%
Row 5 AcrossDavid Beckham
75.4%
Row 4 AcrossMichael Jackson
74.7%
Row 2 AcrossQueen Latifah
74.2%
Row 2 AcrossJulia Roberts
73.7%
Row 4 AcrossKobe Bryant
70.8%
Row 4 AcrossAdam Sandler
67.1%
Row 5 AcrossRay Charles
65.5%
Row 2 AcrossJohn Goodman
65.4%
Row 3 AcrossLittle Richard
63.5%
Row 1 AcrossRachael Ray
60.9%
Row 1 AcrossAlex Trebek
60.3%
Row Celebrity % Correct
Row 1 AcrossChristopher Reeve
58.7%
Row 2 AcrossGlenn Close
55.7%
Row 5 AcrossRosie O'Donnell
55.5%
Row 2 AcrossTony Danza
54.5%
Row 5 AcrossFran Drescher
52.4%
Row 2 AcrossBarbara Bush
52.2%
Row 3 AcrossLily Tomlin
41%
Row 3 AcrossJude Law
40.2%
Row 5 AcrossPaul Simon
39.3%
Row 3 AcrossMaya Angelou
33.5%
Row 3 AcrossCheech Marin
32.8%
Row 5 AcrossJulius Erving
31.7%
Row 4 AcrossJim Parsons
31.6%
Row 3 AcrossJane Curtin
25.6%
Row 1 AcrossCandice Bergen
24.6%
Row 2 AcrossGregory Hines
24.3%
Row 5 AcrossBuzz Aldrin
18%
Row 5 AcrossWyclef Jean
14.8%
Row 4 AcrossPatti LaBelle
14.5%
Row 3 AcrossRosemary Clooney
13.3%
Remove Ads.
Support Sporcle.
Get the best of Sporcle when you Go Orange. This ad-free experience offers more features, more stats, and more fun while also helping to support Sporcle. Thank you for becoming a member.

You're not logged in!

Compare scores with friends on all Sporcle quizzes.
OR
Log In

Sporcle TV

Today on Sporcle TV


Watch our educational content, quiz creation guides, and fun videos on Sporcle TV.

Show Comments

Extras

Top Quizzes Today


Score Distribution

Paid Content

Your Account Isn't Verified!

In order to create a playlist on Sporcle, you need to verify the email address you used during registration. Go to your Sporcle Settings to finish the process.

Report this User

Report this user for behavior that violates our Community Guidelines.

Details: